Cousas d'a aldea (Record no. 161749)
[ view plain ]
| 000 -LEADER | |
|---|---|
| campo de control de longitud fija | 00719nam a22001935i 4500 |
| 001 - NÚMERO DE CONTROL | |
| campo de control | 161749 |
| 003 - IDENTIFICADOR DE NÚMERO DE CONTROL | |
| campo de control | ES-MaACL |
| 005 - FECHA Y HORA DE LA ÚLTIMA TRANSACCIÓN | |
| campo de control | 20230906212342.0 |
| 008 - DATOS DE LONGITUD FIJA--INFORMACIÓN GENERAL | |
| campo de control de longitud fija | 950206s1891 sp |||| | glg d |
| 040 ## - FUENTE DE CATALOGACIÓN | |
| Centro catalogador/agencia de origen | GA |
| Lengua de catalogación | spa |
| Centro/agencia transcriptor | CCPB | PA2 |
| 100 1# - ENTRADA PRINCIPAL--NOMBRE DE PERSONA | |
| Nombre de persona | Pereira de la Riva, Aureliano José. |
| 9 (RLIN) | 130998 |
| 245 10 - MENCIÓN DEL TÍTULO | |
| Título | Cousas d'a aldea |
| Resto del título | : versos gallegos / |
| Mención de responsabilidad, etc. | de Aureliano J. Pereira. |
| 260 ## - PUBLICACIÓN, DISTRIBUCIÓN, ETC. | |
| Lugar de publicación, distribución, etc. | La Coruña : |
| Nombre del editor, distribuidor, etc. | Andres Martínez, |
| Fecha de publicación, distribución, etc. | 1891 ( |
| Fabricante | Tipografía de la Casa de Misericordia) |
| 300 ## - DESCRIPCIÓN FÍSICA | |
| Extensión | 189 p. ; |
| Dimensiones | 20 cm. |
| 490 1# - MENCIÓN DE SERIE | |
| Mención de serie | Biblioteca gallega |
| 830 0# - PUNTO DE ACCESO ADICIONAL DE SERIE-TÍTULO UNIFORME | |
| Título uniforme | Biblioteca gallega |
| 9 (RLIN) | 180864 |
| 852 ## - LOCALIZACIÓN | |
| Ubicación | ES-MaACL |
| Número de control de estantería | G-9209 |
| Nota libre | -- Enc. pasta española |
| Encuadernación | -- Edic.: El imp. es: Tipografía de la Casa de Misericordia |
| Estatus retirado | Estado de pérdida | Estado de daño | No para préstamo | Colección | Biblioteca de origen | Biblioteca actual | Ubicación en estantería | Fecha de adquisición | Fuente de adquisición | Total de préstamos | Signatura topográfica completa | Código de barras | Visto por última vez | Precio de reemplazo | Tipo de ítem Koha |
|---|---|---|---|---|---|---|---|---|---|---|---|---|---|---|---|
| Libros del s. XIX | Biblioteca del Ateneo de Madrid | Biblioteca del Ateneo de Madrid | Sala Pecera Planta 3 | 17/01/2008 | G-9209 | 1169433 | 23/02/2023 | 23/02/2023 | Libro impreso antiguo |
